| Tag |
First Indicator |
Second Indicator |
Subfields |
| LEADER |
00000cam a2200000 a 4500 |
| 001 |
in00000074598 |
| 005 |
20151008053608.0 |
| 008 |
820205s1947 ag 00010 spa d |
| 035 |
|
|
|a (OCoLC)08130965
|
| 035 |
|
|
|9 AAH7958AM
|
| 040 |
|
|
|a TXA
|c TXA
|d UtOrBLW
|
| 049 |
|
|
|a TXAM
|c [1481697]
|
| 090 |
|
|
|a PQ7797.E3
|b C28 1947
|
| 100 |
1 |
|
|a Echeverría, Esteban,
|d 1805-1851.
|
| 245 |
1 |
0 |
|a Cantos /
|c Esteban Echeverria ; prologo de Rafael Alberto Arrieta.
|
| 250 |
|
|
|a 2a ed.
|
| 264 |
|
1 |
|a Buenos Aires ;
|a New York :
|b W.M. Jackson,
|c [1947]
|
| 264 |
|
4 |
|c ©1947
|
| 300 |
|
|
|a xxii, 246 pages ;
|c 18 cm.
|
| 336 |
|
|
|a text
|b txt
|2 rdacontent
|
| 337 |
|
|
|a unmediated
|b n
|2 rdamedia
|
| 338 |
|
|
|a volume
|b nc
|2 rdacarrier
|
| 490 |
1 |
|
|a Grandes escritores argentinos ;
|v 10
|
| 830 |
|
0 |
|a Grandes escritores argentinos ;
|v 10.
|
| 999 |
|
|
|a MARS
|
| 999 |
f |
f |
|s 9ef267a6-0f50-3f02-b59f-8c85c44e67df
|i c8274094-fba0-364f-b783-52ddd76e9084
|t 0
|
| 952 |
f |
f |
|p ric
|a Texas A&M University
|b Rellis Campus
|c Joint Library Facility
|d Remote Storage
|t 0
|e PQ7797.E3 C28 1947
|h Library of Congress classification
|i unmediated -- volume
|m A14806182182
|
| 998 |
f |
f |
|a PQ7797.E3 C28 1947
|t 0
|l Remote Storage
|